000
00301nam a2200133Ia 4500
005
20251222141843.0
008
251222s9999||||xx |||||||||||||| ||spa||
082
_a
515.1/M66C/1990
100
_a
Mitacc Meza, Máximo
245
0
_a
Cálculo III
250
_a
3a.ed.
264
_b
Impoffot
942
_c
LIB
999
_c
7492
_d
7492